000 00381nam a2200157 i 4500
001 bg
100 1 _aNOWAKOWSKI, Janusz
245 0 _aTeoria informacji /
_cJanusz Nowakowski, Wojciech Sobczak.
250 _aWyd.2.
260 _aWarszawa,
_c1974.
700 1 _aSOBCZAK, Wojciech
040 _cBPK
041 _apol
942 _cKS
008 s pl f |000 0 pol
999 _c16494
_d16494
856 _uhttp://koha.tu.koszalin.pl/cgi-bin/koha/opac-detail.pl?biblionumber=16494
_yKatalog online BPK